00908nam a2200181Ia 4500999001500000003000900015005001700024008004100041040002800082090002000110110006300130245018800193260008100381300005100462650005300513942001200566952014800578 c2723d2723DO-SdBJH20180416230456.0180414s9999 dr 000 0 spa d aDO-SdBJHbspacDO-SdBJH aDM FM 7-15 1963 aInstituto de Cooperación para la Seguridad Hemisférica10a FM 7-15 Pelotones y escuadras de Fusileros de infantería, de infantería aerotransportada y de infantería mecanizada / Instituto de Cooperación para la Seguridad Hemisférica aFuerte Benning, Georgia : Cuartel General Secretaría del Ejército, 1963 a289 páginas páginas en varias paginaciones 4aPelotones y escuadras -- Infantería mecanizada 2ddccBK 00102ddc40708DMaBEGEMbBEGEMcGENd2018-04-14i18-EERD-01138l0oDM FM 7-15 1963p18-EERD-01138r2018-04-14 00:00:00tEj.1w2018-04-14yBK